NBA Players by Letter - A - Statistics

General Stats
  • This quiz has been taken 33 times
  • The average score is 9 of 19
Answer Stats
Team Answer % Correct
Bucks Giannis Antetokounmpo
77%
Grizzlies Grayson Allen
63%
Nets Jarrett Allen
63%
Knicks Kadeem Allen
63%
Heat Bam Adebayo
60%
Lakers Kostas Antetokounmpo
60%
Heat Kyle Alexander
60%
Pelicans Nickeil Alexander-Walker
60%
Bucks Thanasis Antetokounmpo
60%
Grizzlies Kyle Anderson
57%
Spurs LaMarcus Aldridge
57%
Thunder Steven Adams
57%
Trail Blazers Carmelo Anthony
47%
Suns Deandre Ayton
47%
Magic Al-Farouq Aminu
27%
Trail Blazers Trevor Ariza
27%
Magic D.J. Augustin
23%
Raptors OG Anunoby
23%
Bulls Ryan Arcidiacono
17%
No matching quizzes found
Score Distribution
Percent of People with Each Score
Percentile by Number Answered
Your Score History
You have not taken this quiz